| 000 | 00735nam a22002411 4500 | ||
|---|---|---|---|
| 001 | sa 67001752 | ||
| 003 | DLC | ||
| 005 | 20260227112325.0 | ||
| 008 | 740328s1966 pk r 00000 eng | ||
| 010 | _asa 67001752 | ||
| 025 | _aPL480:P-E-1007 | ||
| 043 |
_aa-ii--- _aa-pk--- |
||
| 050 | 0 |
_aQ145 _b.P25 |
|
| 082 | _a502/.5/549 | ||
| 110 | 2 | 0 | _aPakistan Association of Scientists and Scientific Professions. |
| 245 | 1 | 0 |
_aScientists and technologists of Pakistan; _ba directory. |
| 260 | 1 |
_aKarachi _c[1966] |
|
| 300 |
_a367 p. _c28 cm. |
||
| 650 | 0 |
_aScientists _zIndia _xDirectories. |
|
| 650 | 0 |
_aEngineers _zIndia _xDirectories. |
|
| 650 | 0 |
_aScientists _zPakistan _xDirectories. |
|
| 650 | 0 |
_aEngineers _zPakistan _xDirectories. |
|
| 999 |
_c72832 _d72832 |
||